000 00645nac a22001931u 4500
020 _a978184481213
082 _a658.802
_bEGA
090 _c8408
_d8408
100 _aEgan, John.
245 _aMarketing Communications /
_cJohn Egan.
260 _aLondon:
_bThomson Learning, C2007.
_cC2007.
300 _a467p:
_bill;
_c30cm
500 _aDistributer: Al-Ahram.
511 _aCatalogued By: Mahitab.
650 _aCommunication in marketing.
650 _aMarketing.
942 _cBB
_k658.802EGA
999 _c8408
_d8408